Εισαγωγή στο σχεδιασμό χημικών εργοστασίων / (Record no. 9890)
[ view plain ]
| 000 -LEADER | |
|---|---|
| fixed length control field | 02266nam a22002297a 4500 |
| 003 - ΤΑΥΤΟΤΗΤΑ ΤΟΥ ΑΡΙΘΜΟΥ ΕΛΕΓΧΟΥ | |
| Πεδίο ελέγχου | GR-AtMCL |
| 005 - ΗΜΕΡΟΜΗΝΙΑ ΚΑΙ ΩΡΑ ΤΕΛΕΥΤΑΙΑΣ ΕΝΗΜΕΡΩΣΗΣ | |
| Πεδίο ελέγχου | 20250807132143.0 |
| 006 - FIXED-LENGTH DATA ELEMENTS--ADDITIONAL MATERIAL CHARACTERISTICS | |
| Πεδίο ελέγχου σταθερού μήκους | a|||||r|||| 00| 0 |
| 008 - FIXED-LENGTH DATA ELEMENTS--GENERAL INFORMATION | |
| Πεδίο ελέγχου σταθερού μήκους | 250807b |||||||| |||| 00| 0 eng d |
| 020 ## - ISBN | |
| ISBN | 9789604181735 |
| 040 ## - ΠΗΓΗ ΚΑΤΑΛΟΓΟΓΡΑΦΗΣΗΣ | |
| Φορέας πρωτότυπης καταλογογράφησης | MC Athens Campus Library |
| Γλώσσα καταλογογράφησης | Ελληνικά, Μοντέρνα (1453-) |
| Modifying agency | MC Athens Campus Library |
| Κανόνες περιγραφικής καταλογογράφησης | AACR2 |
| 100 ## - MAIN ENTRY--PERSONAL NAME | |
| Personal name | Κούκος, Ιωάννης Κ. |
| Σχέση | Συγγραφέας |
| 9 (RLIN) | 10007 |
| 245 00 - ΤΙΤΛΟΣ ΚΑΙ ΔΗΛΩΣΗ ΥΠΕΥΘΥΝΟΤΗΤΑΣ | |
| Τίτλος | Εισαγωγή στο σχεδιασμό χημικών εργοστασίων / |
| Statement of responsibility, etc. | Ιωάννης Κ. Κούκος |
| 260 ## - PUBLICATION, DISTRIBUTION, ETC. | |
| Place of publication, distribution, etc. | Θεσσαλονίκη : |
| Name of publisher, distributor, etc. | Τζιόλα, |
| Date of publication, distribution, etc. | 2009 |
| 300 ## - PHYSICAL DESCRIPTION | |
| Extent | 762σ. : |
| Other physical details | εικ. ; |
| Διαστάσεις | 24 εκ. |
| 505 0# - FORMATTED CONTENTS NOTE | |
| Formatted contents note | Εισαγωγή, Διαγράμματα ροής, Εκτίμηση κόστους πάγιου κεφαλαίου, Εκτίμηση συνολικού κόστους παραγωγής, Αξιολόγηση επενδυτικών σχεδίων, Αντικείμενο και δεδομένα σχεδιασμού, Δομή και σύνθεση διεργασιών, Προκαταρκτική σχεδίαση και διαστασιολόγηση εξοπλισμού, Δόμηση δικτυών εναλλαγής θερμότητας με τη μέθοδο του κρίσιμου σημείου, Διαχωρισμός πολυσυστατικών και αζεοτροπικών μιγμάτων με κλασματική απόσταξη, Βασικές έννοιες βελτιστοποίησης διεργασιών, Εφαρμογές βελτιστοποίησης, Ασφάλεια και υγιεινή εγκαταστάσεων, Βασικές αρχές προσομοίωσης και προσομοιωτών μόνιμης κατάστασης, Εισαγωγή στον προσομοιωτή UniSim/Honeywell (UniSim ή Hysys ASPEN), Eισαγωγή στο λογισμικό MATLAB, Σχεδιασμός μονάδας παραγωγής biodiesel, Σχεδιασμός μονάδας συνδυασμένης παραγωγής βιοαιθανόλης/βιοϋδρογόνου, Αποτίμηση κύκλου ζωής. |
| 650 #0 - SUBJECT ADDED ENTRY--TOPICAL TERM | |
| Topical term or geographic name entry element | Χημικά εργοστάσια |
| General subdivision | Σχεδίαση και κατασκευή |
| 9 (RLIN) | 10008 |
| 650 #0 - SUBJECT ADDED ENTRY--TOPICAL TERM | |
| Topical term or geographic name entry element | Χημική μηχανική |
| 9 (RLIN) | 10009 |
| 650 #0 - SUBJECT ADDED ENTRY--TOPICAL TERM | |
| Topical term or geographic name entry element | Engineering |
| 9 (RLIN) | 9979 |
| 942 ## - ADDED ENTRY ELEMENTS (KOHA) | |
| Koha item type | Books |
| Τύπος τεκμηρίου | Βιβλιοθήκη | Τρέχουσα τοποθεσία | Barcode | Αριθμός εισαγωγής | Ημερομηνία απόκτησης | Ταξιθετικό σύμβολο | Αριθμός αντιτύπου | Κατάσταση απόσυρσης | Κατάσταση χαμένου | Κατάσταση κατεστραμμένου | Μη δανεισμός | Σύνολο δανεισμών | Ημερομηνία τελευταίας εμφάνισης | Η τιμή ισχύει από |
|---|---|---|---|---|---|---|---|---|---|---|---|---|---|---|
| Books | MC Athens Campus Library | MC Athens Campus Library | 9780000098597 | 8142 | 07/08/2025 | 660.283 KOY | 1 | 07/08/2025 | 07/08/2025 |